=LDR 00000nam 2200000 4500 =001 INLIS000000000006313 =005 20251106021921 =035 ##$$a 0010-1125000187 =007 ta =008 251106###########################0#ind## =082 ##$$a 363.96 =084 ##$$a 363.96 MIN s =100 #$$a Minoru Muramatsu =245 1#$$a Sterilization In Japan /$c Department Of Public Health Demography =260 ##$$a Tokyo :$b Department Of Public Health Demography =300 ##$$a 9 Hal : $b Ilus ; $c 21 =600 #4$$a Keluarga Berencana =856 ##$$a Perpustakaan Kemendukbangga